000 02391nam a22001937a 4500
005 20250901091628.0
006 a|||||r|||||||||||
008 b1992 |||||||| |||| 00| 0 eng d
020 _a9789607023261
040 _aGR-AtMCL
_bgre
_dGR-AtMCL
_eAACR2
100 _aHaugeland, John
_4070
_910050
245 0 0 _aΤεχνητή νοημοσύνη :
_bσχεδιάζοντας τη νόηση: από την υπολογιστική θεωρία στις σύγχρονες ευφυείς μηχανές /
_cJohn Haugeland
260 _aΑθήνα :
_bΚάτοπτρο,
_c2011
300 _a378 σ.;
_c21 εκ.
520 _a«Όσον αφορά την Τεχνητή Νοημοσύνη, οι άνθρωποι συνήθως χωρίζονται στους "χλευαστές" και στους "οπαδούς". Οι πρώτοι βρίσκουν την όλη ιδέα τελείως παράλογη -όχι απλώς λανθασμένη αλλά γελοία- παρόμοια με το να φανταζόμαστε ότι το αυτοκίνητό μας μάς μισεί ή με το να ισχυριζόμαστε πως μια δολοφονική σφαίρα θα έπρεπε να φυλακιστεί. Οι δεύτεροι, αντίθετα, έχουν τη σιγουριά ότι είναι απλώς θέμα χρόνου. Οι υπολογιστές που σκέπτονται, ισχυρίζονται, είναι το ίδιο αναπόφευκτοι όπως τα διαπλανητικά ταξίδια ή η τηλεόραση τσέπης. Αξίζει να τονιστεί το πόσο ολοκληρωτικά πεπεισμένη είναι η κάθε πλευρά: "Μα είναι τόσο φανερό", λένε και οι δύο, "μόνο ένας φανατικός θα διαφωνούσε". Εμείς εδώ δεν θα υπερασπιστούμε με φανατισμό καμία πλευρά. Η Τεχνητή Νοημοσύνη δεν είναι ούτε παράλογη ούτε αναπόφευκτη. Αντίθετα, βασίζεται σε μια ισχυρή ιδέα, η οποία πιθανόν να είναι σωστή (ή σωστή από μερικές απόψεις) και εξίσου πιθανόν να μην είναι. [...]»
650 0 _aΠληροφορική
_99850
942 _cBK
999 _c9907
_d9907